000
00297nam a22001337a 4500
020
_a
81-264-0326-8
082
_a
001
_b
PUR/D
100
_a
PURUSHOTTAMAN, KAMAL
245
_a
DC QUIZ BOOK
260
_a
KOTTAYAM
_b
DC BOOKS
_c
2010
300
_a
240
650
_a
GENERAL KNOWLEDGE
_z
INDIA
942
_c
BK
999
_c
6596
_d
6596